00352nom a22001097a 450000500170000000800410001704100080005824500340006650000900010065000250019065000270021520220609154529.0190712b xxu||||| |||| 00| 0 spa d aspa aKit #4 Heridas por quemaduras aContiene 5 heridas por quemaduras. Se prestan para el mismo día, hasta las 7:50 pm aMODELOS ANATÓMICOS aHERIDAS POR QUEMADURAS